Estadísticas para Países de la Alemania Nazi en un Mapa

Haz click aquí para tomar la prueba!

Estadísticas generales

  • Esta prueba ha sido tomada 764 veces
  • La puntuación promedio es 19 de 20

Respuestas en el mapa

Las respuestas están codificadas por una escala verde-roja en el mapa de la prueba según el % correcto abajo.
Cargando...
 

Estadísticas de respuestas

País% Correcto
Alemania
100%
Bélgica
99%
Francia
99%
Austria
98%
Polonia
98%
Países Bajos
98%
Noruega
98%
Estonia
98%
Lituania
98%
Rusia
97%
Ucrania
97%
Bielorrusia
97%
Dinamarca
97%
Letonia
96%
Grecia
95%
Luxemburgo
95%
República Checa
95%
Eslovenia
90%
Eslovaquia
89%
Serbia
89%

Distribución de puntuación

Porcentaje por número respondido

Porcentaje de gente con cada puntuación

Historial de tus puntuaciones

No has tomado esta prueba